History Quiz

Random History or Author Quiz

Born in March: GIF Calendar Pick - 2019 Quiz Stats

 Plays Quiz not verified by Sporcle

Score 0/31 Timer 10:00
1 Play Today
% Correct
Osama bin Laden
90.8%
Celine Dion
89.9%
Quentin Tarantino
89.3%
Liza Minnelli
87.7%
Eva Mendes
87.1%
Spike Lee
84.4%
Nancy Pelosi
84.3%
Lisa Loeb
75.5%
René Descartes
72.7%
Sam Walton
69%
Howard Cosell
65%
Umberto I
64.2%
Yonatan Netanyahu
64%
Sam Houston
62.1%
David Gilmour
61.3%
John C. Calhoun
58.9%
% Correct
Perry Ellis
58.3%
Jimmy Swaggart
58.1%
João Goulart
57.6%
Wernher von Braun
56.2%
Mickey Spillane
55.9%
Dorothy Height
55.8%
Adolf Galland
54.5%
Anna Atkins
45.5%
Charles Goren
44.9%
Cheddi Jagan
42.9%
Solomon Burke
41.7%
Nicéphore Niépce
41.1%
Bayard Rustin
38.1%
John Neumann
35%
Josephine Cochrane
34.9%

You're not logged in!

Compare scores with friends on all Sporcle quizzes.
OR
Log In

Show Comments

Extras

Top Quizzes Today


Score Distribution

Your Account Isn't Verified!

In order to create a playlist on Sporcle, you need to verify the email address you used during registration. Go to your Sporcle Settings to finish the process.

Report this User

Report this user for behavior that violates our Community Guidelines.

Details: